100 Best British TV Programmes (2000) - Statistics

General Stats
  • This quiz has been taken 45 times
  • The average score is 8 of 51
Answer Stats
Genre Answer % Correct
Comedy Only Fools and Horses
70%
Children's Blue Peter
62%
Comedy Fawlty Towers
62%
Soap Opera Coronation Street
57%
Music Top of the Pops
57%
Children's Doctor Who
35%
Comedy Blackadder
32%
Comedy Monty Python's Flying Circus
30%
Comedy Absolutely Fabulous
27%
Quiz Show Mastermind
24%
Comedy Dad's Army
22%
Chat Show Parkinson
22%
Quiz Show Who Wants to Be a Millionaire?
22%
Comedy Porridge
19%
Comedy The Royle Family
19%
Quiz Show University Challenge
16%
Comedy Father Ted
14%
Comedy One Foot in the Grave
14%
Comedy Steptoe and Son
14%
Children's Grange Hill
11%
Comedy I'm Alan Partridge
11%
Drama Prime Suspect
11%
Children's Teletubbies
11%
Comedy The Likely Lads
11%
Comedy Yes Minister
11%
Light Entertainment Blind Date
8%
Drama Cracker
8%
Drama Inspector Morse
8%
Music Later... with Jools Holland
8%
Children's The Magic Roundabout
8%
Children's Tiswas
8%
Comedy Hancock's Half Hour
5%
Comedy Have I Got News for You
5%
Drama The Avengers
5%
Music The Tube
5%
Comedy Till Death Us Do Part
5%
Factual Arena
3%
Comedy Drop the Dead Donkey
3%
Comedy Spitting Image
3%
Comedy That Was the Week That Was
3%
Comedy The Fall and Rise of Reginald Perrin
3%
Music The Old Grey Whistle Test
3%
Light Entertainment This is Your Life
3%
Drama This Life
3%
Children's Thunderbirds
3%
Factual World in Action
3%
Drama Z-Cars
3%
Comedy A Very Peculiar Practice
0%
Drama Between the Lines
0%
Music Ready Steady Go!
0%
Comedy The Morcambe & Wise Show
0%
No matching quizzes found
Score Distribution
Percent of People with Each Score
Percentile by Number Answered
Your Score History
You have not taken this quiz